00983nam a2200217 i 450000100060000000300090000600500170001500700030003200800410003510000260007624502340010226000590033630000300039549000420042565000620046770000280052983000500055785200210060799900170062895201200064576276ES-MaACL20230906172800.0t|040930s1934 fr ||||1| fre d1 aGroos, René.96013714aLes Lettres b: avec des dessins de C. Abin, Axelle, J. De Bosschère, J. Cocteau, R. Delaunay, A. de Noailles, Picasso, Prybil, Carlo Rim, A. Rouveyre, Sikorska, Th. Stravinsky et F. Vallotton / cRené Groos et Gonzague Truc. aParis : bDenoël et Steele, c1934 (fR. Bussiére) a356 p. : bil. ; c21 cm.1 aTableau du XX'siecle, 1900-1933 ; v4 4aLiteratura francesa-yS.XX-xHistoria y crítica.9145931 aTruc, Gonzogne.91115380 aTableau du XX'siecle, 1900-1933 ; v49231289 aES-MaACLjA-2381 c76276d76276 00104070aATENEOMbATENEOMcSPP1d2008-01-17eSCl0oA-2381p1079826r2023-02-23 00:00:00w2023-02-23yMONOGRAFIA